| 000 | 00437nam a2200157 i 4500 | ||
|---|---|---|---|
| 001 | 71842 | ||
| 003 | ES-MaACL | ||
| 005 | 20230906171238.0 | ||
| 007 | t| | ||
| 008 | 040819s1913 xxu ||||1| eng d | ||
| 100 | 1 |
_aGibson, A. H. _956660 |
|
| 245 | 1 | 0 |
_aNatural sources of energy / _cby A.H. Gibson. |
| 260 |
_aCambridge : _b[s.n., _c1913] ( _fJohn Clay) |
||
| 300 |
_aVI, 131 p., 4 lám. : _bil. ; _c17 cm. |
||
| 852 |
_aES-MaACL _jD-3313 |
||
| 999 |
_c71842 _d71842 |
||